Updating logical databases /

Saved in:
Bibliographic Details
Main Author: Winslett, Marianne Southall
Format: Book
Language:English
Published: Cambridge ; New York : Cambridge University Press, 1990.
Series:Cambridge tracts in theoretical computer science ; 9
Subjects:
Online Access:Table of contents
Publisher description
LEADER 01240cam a2200301 a 4500
001 c000213077
003 CARM
005 20060201084737.0
008 910305s1990 enk b 001 0 eng
010 |a 91125411 
019 1 |a 7648763  |5 LACONCORD2021 
020 |a 0521373719 
035 |a (OCoLC)22783829  |5 LACONCORD2021 
040 |a DLC  |b eng  |c DLC  |d DLC  |d LC 
050 0 |a QA76.9.D3  |b W567 1990 
082 0 0 |a 005.74  |2 20 
100 1 |a Winslett, Marianne Southall. 
245 1 0 |a Updating logical databases /  |c Marianne Winslett. 
260 |a Cambridge ;  |a New York :  |b Cambridge University Press,  |c 1990. 
300 |a viii, 211 p. ;  |c 26 cm. 
440 0 |a Cambridge tracts in theoretical computer science ;  |v 9 
504 |a Includes bibliographical references (p. [201]-206) and index. 
650 0 |a Database management. 
856 4 1 |3 Table of contents  |u http://www.loc.gov/catdir/toc/cam029/91125411.html 
856 4 2 |3 Publisher description  |u http://www.loc.gov/catdir/description/cam025/91125411.html 
852 8 |b CARM  |h A2:AM05G0  |i C07929  |p 0267869  |f BK 
999 f f |i 9ed552a1-cd55-5164-8c6e-c18474a7e6ff  |s 33370cf9-ba44-562a-9116-b5b7dac71d96 
952 f f |p Can circulate  |a CAVAL  |b CAVAL  |c CAVAL  |d CARM 1 Store  |e C07929  |f A2:AM05G0  |h Other scheme  |i book  |m 0267869